MARC

LEADER 00000nam0a2200000 4500
001 331220
005 20231102004333.0
035 |a (RuTPU)RU\TPU\book\357013 
090 |a 331220 
100 |a 20170418d1970 km y0rusy50 ca 
101 0 |a rus 
102 |a RU 
105 |a y z 001zb 
200 1 |a В. И. Ленин о государственных формах решения национального вопроса в СССР  |f Э. В. Тадевосян 
210 |a Москва  |c Изд-во Московского ун-та  |d 1970 
215 |a 212 с. 
320 |a Библиография в ссылках. 
600 1 |a Ленин  |b В. И.  |c настоящая фамилия Ульянов  |c российский политический деятель  |f 1870-1924  |g Владимир Ильич  |2 stltpush  |3 (RuTPU)RU\TPU\pers\1074  |9 486 
606 1 |a Национальная политика  |y Россия  |y СССР  |2 stltpush  |3 (RuTPU)RU\TPU\subj\45199  |9 64457 
610 1 |a Советское государство 
610 1 |a национальный вопрос 
610 1 |a СССР 
610 1 |a история 
610 1 |a ленинские принципы 
610 1 |a национально-государственное устройство 
610 1 |a формы 
610 1 |a федерация 
610 1 |a автономия 
686 |a Ф5(2)  |v LBC/SL-A  |2 rubbk 
700 1 |a Тадевосян  |b Э. В.  |g Эдуард Варламович 
801 1 |a RU  |b 63413507  |c 20170418 
801 2 |a RU  |b 63413507  |c 20170421  |g RCR 
942 |c BK